zpět

Detail výsledku týmu

U Lucerny ST, Brno

Datum a čas kvízu

34 Celkem bodů Celkový počet nahraných bodů na tomto kvízu bez doplňovacích otázek.
6. Pořadí na kvízu Konečné umístění týmu na tomto kvízu.

Zaznamenané odpovědi

# Otázka Odpověď Body Výsledky
1. „S teroristy se nevyjednává, s... tygra stane vegetarián 1
2. Dvaaosmdesátiletý prezident Ab... Alžírsko 1
3. Ve finské Heinole se koná MS v... Žár 0
4. Možná jste i Vy zaznamenali, ž... WhatsApp 1
5. Po odvetách, které se hrály mi... Ajax Amsterdam, Juventus Turín 0
1. Toto téma jste vybrali prostře... DEA 1
2. Hlavní postava seriálu Ve jmén... Írán 1
3. V seriálu Boardwalk Empire ovl... Atlantic City 1
4. Herečku Robin Wrightovou, jedn... Forrest Gump 0
5. Jak se jmenuje český herec, da... Aleš Háma 1